| 000 | 01229nam a2200313 i 4500 | ||
|---|---|---|---|
| 003 | EG-GICUC | ||
| 005 | 20260203232117.0 | ||
| 008 | 260203s1980 ua ||||fr|||| 000 0 ara d | ||
| 017 | _a1980/3386 | ||
| 020 | _a977-7307-93-4 | ||
| 040 |
_a EG-GICUC _bara _c EG-GICUC _d EG-GICUC _erda |
||
| 041 | 0 | _hara | |
| 082 | 0 | 4 |
_221 _a343.3844 _bن ب . ن |
| 092 | 0 | 4 | _221 |
| 099 | _aLaw1 10 343.3844 ن ب . ن 1980 | ||
| 100 | 1 |
_aنبيل إسماعيل عمر _eمؤلف. |
|
| 245 | 1 | 2 |
_aالنظرية العامة للطعن بالنقض / _bفي المواد المدنية والتجارية طبقا لما هو وارد في قانون المرافعات والفقه والقضاء المصرى والفرنسي : _cدكتور نبيل إسماعيل عمر. |
| 264 | 1 |
_aالإسكندرية : _bمنشأة المعارف، _c1980. |
|
| 300 |
_a478 ؛ صفحة _c24 سم. |
||
| 336 |
_2rda content _atext |
||
| 337 |
_2rda media _aComputer |
||
| 338 |
_2rda carrier _aOnline Resource |
||
| 546 | _aالنص باللغة العربية | ||
| 650 | 1 | 4 | _aالنقض |
| 650 | 1 | 4 | _aالقانون الجنائي |
| 856 | 4 | 0 | _uhttps://fll.law.cu.edu.eg/fulltext/bks/B10-08554.pdf |
| 905 | _a77 | ||
| 942 |
_2ddc _cBK _e21 _n0 |
||
| 999 |
_c60838 _d60838 |
||